00335nam a2200109Ia 4500008004100000082000800041100001900049245004200068942000600110952009400116999001500210240331s9999 xx 000 0 und d bHSU aHsueh-Chin, T  2aA Dream of Red Mansions :bVolume III cL 001040708LaWERCLbWERCLcSSCd2024-03-31l0o 823 HSUp279r2024-03-31w2024-03-31yL c3358d3358